Reglamento a la Ley de Tránsito

Guardat en:
Dades bibliogràfiques
Autor corporatiu: Costa Rica. Ministerio de Obras Públicas y Transportes
Format: Text
Publicat: San José: MOPT
Matèries:
Etiquetes: Afegir etiqueta
Sense etiquetes, Sigues el primer a etiquetar aquest registre!

MARC

LEADER 00000 a a2200000 04500
001 17373
003
040
090 |a 020000  
110 |a Costa Rica. Ministerio de Obras Públicas y Transportes  
245 |a Reglamento a la Ley de Tránsito  
260 |a San José:   |b MOPT  
300 |a 39 p.  
650 |a TRANSITO  
650 |a LEGISLACION  
999 |c 14399  |d 14399